عرض عادي عرض مارك
  • Clinical trials

مدخل مصطلح موضوعي

عدد التسجيلات المستخدمة في: 1

001 - رقم الضبط

  • حقل الضبط: 5700

003 - معرف رقم الضبط

  • حقل الضبط: OSt

005 - تاريخ ووقت أخر عملية

  • حقل الضبط: 20111026232553.0

008 - عناصر بيانات ثابتة الطول

  • حقل تحكم ثابت الطول: 111026|||a|||||| | ||| d

040 ## - مصدر الفهرسة

  • هيئة الفهرسة الأصلية: OSt
  • وكالة الكتابة: OSt

150 ## - مدخل-- مصطلح تاريخي

  • عنصر مدخل المصطلح الموضوعي او الاسم الجغرافي: Clinical trials
  • تفريع عام: Longitudinal studies.

670 ## - بيانات المصدر موجوده

  • الاستشهاد بالمصدر: Work cat.: (OSt)590: Fairclough, Diane Lynn. 5699, Design and analysis of quality of life studies in clinical trials :, c2002.